Creating value in the digital era : achieving success through insight, imagination and innovation
Αποθηκεύτηκε σε:
| Κύριος συγγραφέας: | |
|---|---|
| Μορφή: | Βιβλίο |
| Γλώσσα: | English |
| Δημοσίευση: |
Basingstoke :
Macmillan Business,
1998
|
| Θέματα: | |
| Ετικέτες: |
Προσθήκη ετικέτας
Δεν υπάρχουν, Καταχωρήστε ετικέτα πρώτοι!
|
MARC
| LEADER | 00000cam a2200000 i 4500 | ||
|---|---|---|---|
| 001 | 1/2142 | ||
| 008 | 000421s1998 eng d | ||
| 020 | |a 0333725271 | ||
| 035 | |l 10060292 | ||
| 040 | |a GR-MY-UA |b gre |e aacr | ||
| 041 | 0 | |a eng | |
| 082 | 0 | |a 658.4012 | |
| 100 | 1 | |a Chattell, Alf. | |
| 245 | 1 | 0 | |a Creating value in the digital era : |b achieving success through insight, imagination and innovation / |c Alf Chattell |
| 260 | |a Basingstoke : |b Macmillan Business, |c 1998 | ||
| 300 | |a xi, 267 p.; |c 25 cm. | ||
| 504 | |a Includes index | ||
| 504 | |a Bibliography: p 253-259 | ||
| 650 | 0 | 0 | |a Strategic planning. |
| 650 | 0 | 0 | |a Success in business. |
| 650 | 0 | 0 | |a Technological innovations |x Management. |
| 852 | |a INST |b CHIOS |e 20000421 |h 658.4012 CHA |p 005200018845 |q 005200018845 |t BK |y 0 | ||
| 901 | |a BIBL2-2000-2 | ||
| 909 | |a Χ |b 074369 | ||
| 970 | |z 2000/04/ΜΙΧΑΗΛΙΔΟΥ ΑΝΝΑ | ||